000 00440nam a22001337a 4500
040 _cNUST
082 _a200 THE
100 _aUmar Farooq
_915376
110 _aSupervisor: Dr. Uzair Khaleeq Uz Zaman
_9101657
245 _aTH-SOF-2198-Condition Based Predictive Maintenance for Remaining Useful Life Estimation to Implement Industry 4.0
260 _aISLAMABAD:
_bNUST COLLEGE OF EME,
_c2023
650 _aMS-ME
_9118405
942 _2ddc
_cTHE
999 _c603359
_d603359